|
|
|
|
| LEADER |
01383nam a2200385Ia 4500 |
| 001 |
EBC227679 |
| 003 |
MiAaPQ |
| 005 |
20200520144314.0 |
| 006 |
m o d | |
| 007 |
cr cn||||||||| |
| 008 |
040524s2004 maua sb 001 0 eng d |
| 010 |
|
|
|z 2004299061
|
| 020 |
|
|
|z 9781580537186
|
| 020 |
|
|
|z 1580537170
|
| 020 |
|
|
|z 1580537189
|
| 035 |
|
|
|a (MiAaPQ)EBC227679
|
| 035 |
|
|
|a (Au-PeEL)EBL227679
|
| 035 |
|
|
|a (CaPaEBR)ebr10082024
|
| 035 |
|
|
|a (OCoLC)54703275
|
| 040 |
|
|
|a MiAaPQ
|c MiAaPQ
|d MiAaPQ
|
| 050 |
|
4 |
|a HD69.P75
|b W955 2004
|
| 082 |
0 |
4 |
|a 658.4
|2 22
|
| 100 |
1 |
|
|a Wysocki, Robert K.
|
| 245 |
1 |
0 |
|a Project management process improvement
|h [electronic resource] /
|c Robert K. Wysocki.
|
| 260 |
|
|
|a Boston :
|b Artech House,
|c c2004.
|
| 300 |
|
|
|a xiii, 231 p. :
|b ill.
|
| 490 |
1 |
|
|a Artech House effective project management series
|
| 504 |
|
|
|a Includes bibliographical references and index.
|
| 533 |
|
|
|a Electronic reproduction. Ann Arbor, MI : ProQuest, 2015. Available via World Wide Web. Access may be limited to ProQuest affiliated libraries.
|
| 650 |
|
0 |
|a Project management.
|
| 650 |
|
0 |
|a Reengineering (Management)
|
| 655 |
|
4 |
|a Electronic books.
|
| 710 |
2 |
|
|a ProQuest (Firm)
|
| 830 |
|
0 |
|a Artech House effective project management series.
|
| 856 |
4 |
0 |
|u https://ebookcentral.proquest.com/lib/matrademy/detail.action?docID=227679
|z Click to View
|